Los dinosaurios : (Registro nro. 9098)

Detalles MARC
000 -LIDER
fixed length control field 00638nam a22002177a 4500
003 - IDENTIFICACDOR DE NÚMERO DE CONTROL
control field DO-SdBNP
005 - DATE AND TIME OF LATEST TRANSACTION
control field 20180223152644.0
008 - ELEMENTOS DE LONGITUD FIJA
fixed length control field 151210b 1991 sp a 00| 0 spa d
020 ## - ISBN
International Standard Book Number 9788430572540
040 ## - FUENTE DE CATALOGACIÓN
Agencia que crea de manera original el registro BPMSU
Idioma de catalogación spa
Agencia que realiza la transcripción BPMSU
082 #4 - NÚMERO DE CLASIFICACIÓN DECIMAL DE DEWEY
Classification number xxxx
Item number xxxx
245 04 - MENCIÓN DE TITULO
Título Los dinosaurios :
Subtítulo para que los conozcan los niños de 5 a 8 años /
Mención de responsabilidad ilustraciones Lindsey Selley
260 ## - PUBLICACIÓN, DISTRIBUCIÓN, ETC. (PIE DE IMPRENTA)
Lugar de publicación, distribución, etc Madrid :
Nombre del editor, distribuidor, etc. Susaeta,
Fecha de publicación, distribución, etc 1991.
300 ## - DESCRIPCIÓN FÍSICA
Extensión 22 p. :
Otros detalles físicos il. ;
Dimensiones 30 cm.
490 1# - MENCIÓN DE SERIES
Mención de serie Zoomundo
700 12 - ASIENTO SECUNDARIO -- NOMBRE PERSONAL
Nombre personal Selley, Linsey,
Mención de responsabilidad il.
830 #0 - ASIENTO SECUNDARIO DE SERIE--TÍTULO UNIFORME
Título uniforme Zoomundo
942 ## - ADDED ENTRY ELEMENTS (KOHA)
Source of classification or shelving scheme Dewey Decimal Classification
Koha item type Libros
945 ## - INFORMACIÓN DE PROCESAMIENTO LOCAL
Información de procesamiento local Inventariado, 2018 / BT
956 ## - LOCAL ELECTRONIC LOCATION AND ACCESS (OCLC)
Nombre de host BTSVSREZ
Número de acceso 10
Trayectoria 20151210
Nombre Electrónico BPMSU
Procesador de solicitud 0038
Existencias
Withdrawn status Lost status Source of classification or shelving scheme Damaged status Not for loan Collection code Home library Current library Date acquired Source of acquisition Total Checkouts Barcode Date last seen Price effective from Koha item type
    Dewey Decimal Classification     Colección Infantil General Biblioteca Pública Metropolitana Salomé Ureña Biblioteca Pública Metropolitana Salomé Ureña 12/10/2015 FUNDI   BPMSU15120135 12/10/2015 12/10/2015 Libros